[Event "TUN-ch (Women)"]
[Site "Monastir"]
[Date "2024.03.30"]
[Round "8"]
[White "Abdallah, Yara"]
[Black "Ayed, Ranim"]
[Result "0-1"]
[WhiteElo "1474"]
[BlackElo "1636"]
[PlyCount "56"]
[EventDate "2024.03.26"]
[EventType "swiss"]
[EventRounds "9"]
[EventCountry "TUN"]
[SourceTitle "CB14_2024"]
[SourceDate "2024.04.01"]
[SourceVersion "1"]
[SourceVersionDate "2024.04.01"]
[SourceQuality "1"]

1. d4 Nf6 2. Nc3 g6 3. e4 d6 4. Nf3 Bg7 5. Be3 0-0 6. h3 Nbd7 7. Qd2 e5 8. d5 Re8 9. 0-0-0 Nc5 10. Bd3 a6 11. Bh6 Bh8 12. Nh2 b5 13. g4 b4 14. Nb1 Nfxe4 15. Qe3 Nf6 16. Bg5 Bb7 17. Bc4 Qd7 18. f3 c6 19. dxc6 Qxc6 20. f4 exf4 21. Qxf4 Ne6 22. Bxe6 Rxe6 23. Rhf1 Rc8 24. c3 bxc3 25. Nxc3 Rc7 26. Kb1 Nd5 27. Qg3 Nxc3+ 28. bxc3 Qb5+ 0-1

[Event "TUN-ch (Women)"]
[Site "Monastir"]
[Date "2024.03.28"]
[Round "5"]
[White "Ayed, Ranim"]
[Black "Hasnaoui, Abrar"]
[Result "0-1"]
[WhiteElo "1636"]
[BlackElo "1490"]
[PlyCount "70"]
[EventDate "2024.03.26"]
[EventType "swiss"]
[EventRounds "9"]
[EventCountry "TUN"]
[SourceTitle "CB14_2024"]
[SourceDate "2024.04.01"]
[SourceVersion "1"]
[SourceVersionDate "2024.04.01"]
[SourceQuality "1"]

1. Nf3 b6 2. g3 Bb7 3. Bg2 Nf6 4. 0-0 d5 5. d4 e6 6. Nbd2 Bd6 7. c4 0-0 8. b3 Bb4 9. Bb2 Nbd7 10. a3 Bxd2 11. Nxd2 a5 12. Rc1 c5 13. e3 a4 14. bxa4 Qb8 15. Nb3 Rxa4 16. cxd5 Bxd5 17. Bxd5 Nxd5 18. Nxc5 bxc5 19. Qxa4 N7b6 20. Qc2 c4 21. e4 Nf6 22. a4 Qa8 23. Ra1 Qc6 24. a5 Nbd7 25. f3 Rc8 26. Rfc1 Rb8 27. Ra4 Rxb2 28. Rxc4 Qb7 29. Rc8+ Nf8 30. Qc5 N6d7 31. Qc7 Qb3 32. Qc3 Qb5 33. Qe1 Re2 34. Qc3 Rb2 35. Qe1 Qd3 0-1

[Event "TUN-ch (Women)"]
[Site "Monastir"]
[Date "2024.03.28"]
[Round "4"]
[White "Ben Amor, Meriem"]
[Black "Ayed, Ranim"]
[Result "1/2-1/2"]
[WhiteElo "1550"]
[BlackElo "1636"]
[PlyCount "54"]
[EventDate "2024.03.26"]
[EventType "swiss"]
[EventRounds "9"]
[EventCountry "TUN"]
[SourceTitle "CB14_2024"]
[SourceDate "2024.04.01"]
[SourceVersion "1"]
[SourceVersionDate "2024.04.01"]
[SourceQuality "1"]

1. e4 d6 2. d4 Nf6 3. Nc3 g6 4. f4 Bg7 5. Nf3 0-0 6. Bd3 c5 7. d5 e6 8. dxe6 Bxe6 9. f5 Bd7 10. fxg6 hxg6 11. 0-0 Nc6 12. Bc4 Bg4 13. h3 Bxf3 14. Qxf3 Ne5 15. Qe2 Nh5 16. Bf4 Qh4 17. Bh2 Ng3 18. Bxg3 Qxg3 19. Bb3 c4 20. Bxc4 Nxc4 21. Qxc4 Rac8 22. Qd3 Qxd3 23. cxd3 Bd4+ 24. Kh2 Be5+ 25. Kg1 Bd4+ 26. Kh2 Be5+ 27. Kg1 Bd4+ 1/2-1/2

[Event "TUN-ch (Women)"]
[Site "Monastir"]
[Date "2024.03.27"]
[Round "3"]
[White "Ayed, Ranim"]
[Black "Chbil, Chaima"]
[Result "1-0"]
[WhiteElo "1636"]
[BlackElo "1490"]
[PlyCount "71"]
[EventDate "2024.03.26"]
[EventType "swiss"]
[EventRounds "9"]
[EventCountry "TUN"]
[SourceTitle "CB14_2024"]
[SourceDate "2024.04.01"]
[SourceVersion "1"]
[SourceVersionDate "2024.04.01"]
[SourceQuality "1"]

1. Nf3 d5 2. g3 c5 3. Bg2 Nc6 4. d3 e5 5. c4 dxc4 6. Qa4 cxd3 7. Nxe5 Qa5+ 8. Qxa5 Nxa5 9. Bd2 Bd6 10. Nxf7 Kxf7 11. Bxa5 dxe2 12. Nc3 Nf6 13. Nxe2 Re8 14. Rd1 Bf8 15. Rd2 Ne4 16. Rd3 b6 17. Bd2 Bb7 18. Rd7+ Kg8 19. Rxb7 Rad8 20. Be3 Nd6 21. Rxa7 Nc4 22. Bc1 Rd3 23. Ra8 Re7 24. b3 Nd6 25. Rd8 Ra7 26. Be4 Nxe4 27. Rxd3 Rxa2 28. Re3 Nd6 29. 0-0 c4 30. bxc4 Nxc4 31. Re8 b5 32. Nc3 Ra5 33. Rb8 b4 34. Nb5 Ra4 35. Re1 g6 36. Bh6 1-0

[Event "Arab-ch U18 Girls"]
[Site "Baghdad"]
[Date "2022.03.17"]
[Round "7"]
[White "Ayed, Ranim"]
[Black "Ghezel, Nawar Ahmed"]
[Result "1-0"]
[WhiteElo "1411"]
[BlackElo "1429"]
[PlyCount "41"]
[EventDate "2022.03.10"]
[EventType "tourn"]
[EventRounds "7"]
[EventCountry "IRQ"]
[SourceTitle "EXT 2023"]
[Source "ChessBase"]
[SourceDate "2022.10.05"]
[SourceVersion "1"]
[SourceVersionDate "2022.10.05"]
[SourceQuality "1"]

1. Nf3 Nf6 2. g3 g6 3. Bg2 Bg7 4. 0-0 0-0 5. d3 d5 6. Nbd2 Bf5 7. Nh4 Bd7 8. e4 dxe4 9. dxe4 e5 10. Nhf3 Nc6 11. Re1 Re8 12. c3 Be6 13. Qe2 Qd7 14. Ng5 Rad8 15. Nxe6 Rxe6 16. Bh3 Ng4 17. Bxg4 f5 18. exf5 Ree8 19. f6 Qf7 20. fxg7 Qxg7 21. Ne4 1-0

[Event "Arab-ch U18 Girls"]
[Site "Baghdad"]
[Date "2022.03.11"]
[Round "2"]
[White "Bouzaiane, Mariem"]
[Black "Ayed, Ranim"]
[Result "1/2-1/2"]
[WhiteElo "1105"]
[BlackElo "1411"]
[PlyCount "153"]
[EventDate "2022.03.10"]
[EventType "tourn"]
[EventRounds "7"]
[EventCountry "IRQ"]
[SourceTitle "EXT 2023"]
[Source "ChessBase"]
[SourceDate "2022.10.05"]
[SourceVersion "1"]
[SourceVersionDate "2022.10.05"]
[SourceQuality "1"]

1. e4 d6 2. d4 Nf6 3. Nc3 g6 4. Nf3 Bg7 5. Bd3 Nbd7 6. e5 dxe5 7. dxe5 Ng4 8. e6 fxe6 9. Ng5 Nde5 10. 0-0 Nxd3 11. Qxg4 Ne5 12. Qf4 Rf8 13. Qe4 Qd6 14. Bf4 Nf3+ 15. Nxf3 Qxf4 16. Qd3 Qd6 17. Rad1 Qxd3 18. Rxd3 Bd7 19. Re1 0-0-0 20. Ne5 Bxe5 21. Rxe5 Rf5 22. Re1 e5 23. Red1 e6 24. f3 Rf7 25. Ne4 Re8 26. Nc5 Bc6 27. Nxe6 Rd7 28. Nc5 Rxd3 29. Rxd3 e4 30. fxe4 Bxe4 31. Re3 Bc6 32. Rxe8+ Bxe8 33. Kf2 b6 34. Nd3 Kd7 35. Kg3 Ke6 36. Kg4 Kf6 37. h4 Bc6 38. g3 Be4 39. Kf4 Bf5 40. g4 Bd7 41. Ne5 Bc8 42. c4 a5 43. Nc6 Bd7 44. g5+ Ke6 45. Nd4+ Kd6 46. Nc2 Be6 47. b3 Bf5 48. Nd4 Bb1 49. a3 Bd3 50. Ke3 Bf1 51. Kf2 Bh3 52. b4 axb4 53. axb4 Ke5 54. Nb3 Kf4 55. c5 Bd7 56. cxb6 cxb6 57. Nd4 Kg4 58. Nf3 Bc8 59. b5 Bb7 60. Ne5+ Kxh4 61. Nc4 Bd5 62. Nxb6 Bb7 63. Nc4 Kxg5 64. Kg3 h5 65. Ne5 h4+ 66. Kh3 Bc8+ 67. Kh2 h3 68. b6 Kf6 69. Nd7+ Ke7 70. Nc5 Kd6 71. b7 Bxb7 72. Nxb7+ Ke5 73. Kxh3 Kf4 74. Nc5 Kf3 75. Ne6 Ke4 76. Kh4 Kf5 77. Ng5 1/2-1/2

[Event "Sousse BICA op 1st"]
[Site "Sousse"]
[Date "2021.12.25"]
[Round "3"]
[White "Ayed, Ranim"]
[Black "El Gheiadi, Ibrahim"]
[Result "0-1"]
[WhiteElo "1381"]
[BlackElo "1714"]
[PlyCount "54"]
[EventDate "2021.12.24"]
[EventType "swiss"]
[EventRounds "9"]
[EventCountry "TUN"]
[SourceTitle "CBM 205 Extra"]
[Source "ChessBase"]
[SourceDate "2022.01.31"]
[SourceVersion "1"]
[SourceVersionDate "2022.01.31"]
[SourceQuality "1"]

1. Nf3 d5 2. g3 Nf6 3. Bg2 e6 4. 0-0 c5 5. d3 Nc6 6. Nbd2 e5 7. e4 d4 8. Nc4 Qc7 9. a4 Bg4 10. h3 Bh5 11. Bg5 Be7 12. Qc1 h6 13. Bd2 Nd7 14. a5 a6 15. c3 b5 16. axb6 Nxb6 17. Nxb6 Qxb6 18. cxd4 cxd4 19. Qc2 0-0 20. g4 Bg6 21. Ra2 Rfc8 22. Qa4 f6 23. Rc1 a5 24. Bf1 Bf7 25. Raa1 Bb3 26. Bxa5 Qb7 27. Qxb3+ Qxb3 0-1

[Event "Sousse BICA op 1st"]
[Site "Sousse"]
[Date "2021.12.24"]
[Round "1"]
[White "Ayed, Ranim"]
[Black "Gassouma, Mohamed"]
[Result "0-1"]
[WhiteElo "1381"]
[BlackElo "2091"]
[PlyCount "67"]
[EventDate "2021.12.24"]
[EventType "swiss"]
[EventRounds "9"]
[EventCountry "TUN"]
[SourceTitle "CBM 205 Extra"]
[Source "ChessBase"]
[SourceDate "2022.01.31"]
[SourceVersion "1"]
[SourceVersionDate "2022.01.31"]
[SourceQuality "1"]

1. Nf3 Nf6 2. g3 d5 3. Bg2 c5 4. 0-0 Nc6 5. d3 e5 6. Nbd2 Be7 7. e4 0-0 8. Re1 d4 9. Nc4 Qc7 10. a4 Ne8 11. Bd2 f6 12. Nh4 g6 13. Bh6 Ng7 14. Nf3 Be6 15. h4 Qd7 16. Qd2 Bh3 17. c3 Rf7 18. Qc2 Nh5 19. Ncd2 Rc8 20. Nh2 Bxg2 21. Kxg2 Bf8 22. Bxf8 Rcxf8 23. Nhf3 Qg4 24. Kh2 h6 25. Qd1 Qd7 26. Nc4 Qe6 27. Qe2 f5 28. exf5 Qxf5 29. Nd6 Qxf3 30. Nxf7 Rxf7 31. Qxf3 Rxf3 32. Kg2 Rxd3 33. cxd4 Rxd4 34. Rh1 0-1

[Event "TUN-ch (Women)"]
[Site "Kelibia"]
[Date "2021.11.05"]
[Round "7"]
[White "Ayed, Ranim"]
[Black "Ben Said, Safa"]
[Result "1/2-1/2"]
[WhiteElo "1410"]
[BlackElo "1577"]
[PlyCount "49"]
[EventDate "2021.11.03"]
[EventType "swiss"]
[EventRounds "9"]
[EventCountry "TUN"]
[SourceTitle "EXT 2023"]
[Source "ChessBase"]
[SourceDate "2022.10.05"]
[SourceVersion "1"]
[SourceVersionDate "2022.10.05"]
[SourceQuality "1"]

1. Nf3 d5 2. g3 c5 3. Bg2 Nc6 4. 0-0 Nf6 5. d3 e5 6. Nbd2 Be7 7. e4 dxe4 8. dxe4 0-0 9. c3 Bg4 10. Qc2 Qc7 11. h3 Bd7 12. a4 Rad8 13. Nc4 Be6 14. Ne3 Na5 15. Nd2 Ne8 16. Nd5 Bxd5 17. exd5 Bg5 18. c4 Nd6 19. b3 b6 20. h4 Bh6 21. Re1 Rfe8 22. Re2 Rd7 23. Bb2 Bxd2 24. Rxd2 Rde7 25. Qd1 1/2-1/2

[Event "TUN-ch (Women)"]
[Site "Kelibia"]
[Date "2021.11.04"]
[Round "4"]
[White "Ayed, Ranim"]
[Black "Chbil, Chaima"]
[Result "1-0"]
[WhiteElo "1410"]
[BlackElo "1260"]
[PlyCount "85"]
[EventDate "2021.11.03"]
[EventType "swiss"]
[EventRounds "9"]
[EventCountry "TUN"]
[SourceTitle "EXT 2023"]
[Source "ChessBase"]
[SourceDate "2022.10.05"]
[SourceVersion "1"]
[SourceVersionDate "2022.10.05"]
[SourceQuality "1"]

1. Nf3 c5 2. g3 Nf6 3. Bg2 d6 4. 0-0 g6 5. d3 Bg7 6. e4 Nc6 7. c3 0-0 8. Re1 Nd7 9. Be3 b6 10. d4 Bb7 11. Nbd2 cxd4 12. cxd4 Rc8 13. Rc1 Nb4 14. Rxc8 Qxc8 15. Qb3 a5 16. a3 Nc6 17. Rc1 Qb8 18. Bf1 Rc8 19. Nc4 Ba6 20. Nxd6 exd6 21. Bxa6 Rc7 22. Bb5 Na7 23. Bxd7 Rxd7 24. d5 Nc8 25. Rc6 b5 26. a4 Na7 27. Bxa7 Rxa7 28. axb5 a4 29. Qb4 Rb7 30. b6 Bf6 31. Nd2 Bd8 32. Nc4 Re7 33. Nxd6 Rd7 34. b7 Be7 35. Rc8+ Kg7 36. Rxb8 Bxd6 37. Qb5 Re7 38. Rc8 Rxe4 39. b8Q Bxb8 40. Qxb8 Re1+ 41. Kg2 h6 42. Re8 Rd1 43. Qe5+ 1-0

[Event "TUN-ch U20 Girls"]
[Site "Monastir"]
[Date "2021.03.15"]
[Round "2"]
[White "Ayed, Ranim"]
[Black "Ben Brahem, Emma"]
[Result "1-0"]
[WhiteElo "1372"]
[BlackElo "1174"]
[PlyCount "61"]
[EventDate "2021.03.14"]
[EventType "swiss"]
[EventRounds "9"]
[EventCountry "TUN"]
[SourceTitle "EXT 2022"]
[Source "ChessBase"]
[SourceDate "2021.10.06"]
[SourceVersion "1"]
[SourceVersionDate "2021.10.06"]
[SourceQuality "1"]

1. Nf3 d5 2. g3 Nc6 3. Bg2 Nf6 4. 0-0 e5 5. d3 Bd6 6. Nbd2 Be6 7. e4 0-0 8. Re1 h6 9. exd5 Bxd5 10. Ne4 Nxe4 11. dxe4 Be6 12. Be3 Qd7 13. Qe2 Bh3 14. Rad1 Bxg2 15. Kxg2 Rad8 16. Nh4 Rfe8 17. Nf5 Re6 18. h4 a6 19. g4 Ne7 20. Rg1 Ng6 21. Kf1 Nf4 22. Bxf4 exf4 23. g5 hxg5 24. Rxg5 Rg6 25. Qg4 Qb5+ 26. Kg1 Rxg5 27. Qxg5 Qe5 28. Qxd8+ Kh7 29. Nxd6 cxd6 30. Qxd6 Qxe4 31. Qd3 1-0

[Event "Wch FIDE Online U18 Girls Africa qual"]
[Site "Tornelo INT"]
[Date "2020.11.30"]
[Round "7"]
[White "Ayed, Ranim"]
[Black "Besa, Masaiti"]
[Result "0-1"]
[WhiteElo "1372"]
[BlackElo "1768"]
[PlyCount "108"]
[EventDate "2020.11.28"]
[EventType "swiss (rapid)"]
[EventRounds "7"]
[EventCountry "ISS"]
[SourceTitle "EXT 2022"]
[Source "ChessBase"]
[SourceDate "2021.10.06"]
[SourceVersion "1"]
[SourceVersionDate "2021.10.06"]
[SourceQuality "1"]

1. Nf3 Nf6 2. g3 g6 3. Bg2 d5 4. 0-0 Bg7 5. d3 c5 6. Nbd2 Nc6 7. e4 dxe4 8. dxe4 0-0 9. c3 Bg4 10. Qc2 Qc7 11. h3 Be6 12. Ng5 Bd7 13. Nb3 h6 14. Nf3 b6 15. Be3 Rad8 16. Rad1 Be6 17. Rfe1 Rd7 18. Bf4 Qc8 19. Rxd7 Nxd7 20. Qd2 g5 21. Be3 Nde5 22. Nxe5 Nxe5 23. Qe2 Bxh3 24. Nd2 Bxg2 25. Kxg2 Ng4 26. Nc4 Nxe3+ 27. Nxe3 Qb7 28. Nf5 e6 29. Nd6 Qc6 30. Nb5 a6 31. Na3 b5 32. Nc2 Rd8 33. f3 Qd6 34. Ne3 Qd2 35. Kf2 Kf8 36. Nc2 Be5 37. Ne3 Kg7 38. Ng4 Bc7 39. Ne3 c4 40. Nc2 Bb6+ 41. Kf1 Rd3 42. Nb4 Qxe2+ 43. Kxe2 Re3+ 44. Kf2 Rxc3+ 45. Kf1 Rxf3+ 46. Kg2 Rf2+ 47. Kh3 Rxb2 48. Nxa6 Rxa2 49. Nb4 Rb2 50. Nc6 h5 51. Ne5 f6 52. Nc6 Kh6 53. Rd1 g4+ 54. Kh4 Rh2# 0-1

[Event "Wch FIDE Online U18 Girls Africa qual"]
[Site "Tornelo INT"]
[Date "2020.11.29"]
[Round "5"]
[White "Campbell, Penny"]
[Black "Ayed, Ranim"]
[Result "1-0"]
[WhiteElo "1095"]
[BlackElo "1372"]
[PlyCount "59"]
[EventDate "2020.11.28"]
[EventType "swiss (rapid)"]
[EventRounds "7"]
[EventCountry "ISS"]
[SourceTitle "EXT 2022"]
[Source "ChessBase"]
[SourceDate "2021.10.06"]
[SourceVersion "1"]
[SourceVersionDate "2021.10.06"]
[SourceQuality "1"]

1. e4 d6 2. Nf3 Nf6 3. Nc3 g6 4. Bc4 Bg7 5. d4 0-0 6. 0-0 Nxe4 7. Nxe4 d5 8. Bd3 dxe4 9. Bxe4 Nd7 10. Bg5 Nf6 11. Bxf6 Bxf6 12. Qe2 c6 13. Rad1 Qc7 14. d5 cxd5 15. Bxd5 Bxb2 16. Ng5 Bf6 17. Bxf7+ Rxf7 18. Ne6 Bxe6 19. Qxe6 Kg7 20. Rfe1 Qxc2 21. Rd7 Qb2 22. g4 Rc8 23. h4 h6 24. h5 g5 25. Re2 Rc2 26. Rxc2 Qxc2 27. Kg2 Qb2 28. Qf5 Qxa2 29. Qg6+ Kf8 30. Rd8# 1-0